K-pop: VVS Members - Images - Statistics

General Stats
  • This quiz has been taken 7 times
  • The average score is 4 of 6
Answer Stats
Picture Answer % Correct
Brittney
100%
Ilee
100%
Liwon
100%
Lena
67%
Jiu
33%
Rana
33%
No matching quizzes found
Score Distribution
Percent of People with Each Score
Percentile by Number Answered
Your Score History
You have not taken this quiz